000 00863nas a2200253 4500
001 BR0201532
003 BR-BrBNA
005 20231205102823.0
007 ta
008 230509b bl.|||p| |||| 00| 00por d
040 _aBR-BrBNA
_bpor
_cBiblioteca Nacional de Agricultura
041 _a(Pt)
072 _aH10
100 1 _aFuriatti, R.S.
100 1 _aLázzari, S.M.N.
245 1 _aEfeito da aplicação de pirimicarbe sobre populações de campo de Myzus persicae (Sulz.)(Homoptera: Aphididae)com diferentes níveis de esterases
650 _aBatata
650 _aPulgão Verde
650 _aInseticida
650 _aResistência a Produtos Químicos
773 0 _tAnais da Sociedade Entomológica do Brasil (Brazil)
_xISSN 0301-8059
_g(Dec 2000), v. 29(4) p. 739-747
_wBR0201532
909 _a202311
_bLúcia
_c55
_dLúcia Elande
942 _2AGRIS
_n0
_cANA
999 _c169508
_d169508